000 00831naa a22002657a 4500
001 BR5600037
003 BR-BrBNA
005 20250709164601.0
007 ta
008 250630b bl.|||m| |||| 00| 0 por d
040 _aBR-BrBNA
_bpor
_cBiblioteca Nacional de Agricultura
041 _a(Pt)
072 _aL00
_b9410
_bG514
090 _aL00 BR5600037
100 1 _aMorais, L.G.
245 1 _aAspectos da producao leiteira no Distrto Federal [Brasil]
500 _aProblemas referentes ao leite Rio de Janeiro, GB (Brasil): 1956. p. 125-156 (BR5600037-AMS)
650 _aProducao animal
650 _aLeite
650 _aProducao leiteira
650 _aDistrito Federal
490 _aEstudos Tecnicos - Servico de Informacao Agricola (Brazil)
_vno. 8
942 _cAMS
_2AGRIS
909 _a202506
_bLúcia
_c55
_dLúcia Elande
999 _c332535
_d332535